| 000 | 00345nam a2200133Ia 4500 | ||
|---|---|---|---|
| 008 | 231129s1981||||xx |||||||||||||| ||spa|| | ||
| 040 | _bspa | ||
| 082 | _aCo863 L864c | ||
| 100 | _aLópez Gómez Adel | ||
| 245 | 0 | _aComarca abierta recinto cerrado | |
| 260 | _c1981 | ||
| 264 | _aManizales Colombia : Imprenta Departamental | ||
| 942 |
_2ddc _cBKS |
||
| 999 |
_c7401 _d7401 |
||